<?xml version="1.0" encoding="UTF-8"?>
<record
    xmlns:xsi="http://www.w3.org/2001/XMLSchema-instance"
    xsi:schemaLocation="http://www.loc.gov/MARC21/slim http://www.loc.gov/standards/marcxml/schema/MARC21slim.xsd"
    xmlns="http://www.loc.gov/MARC21/slim">

  <leader>00368nam a22001457a 4500</leader>
  <datafield tag="999" ind1=" " ind2=" ">
    <subfield code="c">9201</subfield>
    <subfield code="d">9201</subfield>
  </datafield>
  <controlfield tag="003">OSt</controlfield>
  <controlfield tag="008">201119b           ||||| |||| 00| 0 eng d</controlfield>
  <datafield tag="100" ind1=" " ind2=" ">
    <subfield code="a">Carter, Ronald Merac </subfield>
  </datafield>
  <datafield tag="245" ind1=" " ind2=" ">
    <subfield code="a">The Routledge History of Literature in English</subfield>
  </datafield>
  <datafield tag="250" ind1=" " ind2=" ">
    <subfield code="a">3rd</subfield>
  </datafield>
  <datafield tag="260" ind1=" " ind2=" ">
    <subfield code="a">New Delhi</subfield>
    <subfield code="b">.Heritage</subfield>
    <subfield code="c">1997</subfield>
  </datafield>
  <datafield tag="300" ind1=" " ind2=" ">
    <subfield code="a">605</subfield>
  </datafield>
  <datafield tag="650" ind1=" " ind2=" ">
    <subfield code="a">B.A Hons. English</subfield>
  </datafield>
  <datafield tag="942" ind1=" " ind2=" ">
    <subfield code="2">ddc</subfield>
    <subfield code="c">BK</subfield>
    <subfield code="0">21</subfield>
  </datafield>
  <datafield tag="952" ind1=" " ind2=" ">
    <subfield code="0">0</subfield>
    <subfield code="1">0</subfield>
    <subfield code="2">ddc</subfield>
    <subfield code="4">0</subfield>
    <subfield code="7">0</subfield>
    <subfield code="8">BAHONSENG</subfield>
    <subfield code="a">PIETNCR</subfield>
    <subfield code="b">PIETNCR</subfield>
    <subfield code="d">2020-11-19</subfield>
    <subfield code="e">Kirti Praksan</subfield>
    <subfield code="f">In Rupess</subfield>
    <subfield code="g">795.00</subfield>
    <subfield code="k">IN277</subfield>
    <subfield code="l">10</subfield>
    <subfield code="p">N283</subfield>
    <subfield code="r">2025-03-11 00:00:00</subfield>
    <subfield code="s">2025-02-25</subfield>
    <subfield code="v">596.25</subfield>
    <subfield code="w">2020-11-19</subfield>
    <subfield code="y">BK</subfield>
  </datafield>
  <datafield tag="952" ind1=" " ind2=" ">
    <subfield code="0">0</subfield>
    <subfield code="1">0</subfield>
    <subfield code="2">ddc</subfield>
    <subfield code="4">0</subfield>
    <subfield code="7">0</subfield>
    <subfield code="8">BAHONSENG</subfield>
    <subfield code="a">PIETNCR</subfield>
    <subfield code="b">PIETNCR</subfield>
    <subfield code="d">2020-11-19</subfield>
    <subfield code="e">Kirti Praksan</subfield>
    <subfield code="f">In Rupess</subfield>
    <subfield code="g">795.00</subfield>
    <subfield code="k">IN277</subfield>
    <subfield code="l">12</subfield>
    <subfield code="p">N284</subfield>
    <subfield code="r">2025-04-28 00:00:00</subfield>
    <subfield code="s">2025-04-01</subfield>
    <subfield code="v">596.25</subfield>
    <subfield code="w">2020-11-19</subfield>
    <subfield code="y">BK</subfield>
  </datafield>
  <datafield tag="952" ind1=" " ind2=" ">
    <subfield code="0">0</subfield>
    <subfield code="1">0</subfield>
    <subfield code="2">ddc</subfield>
    <subfield code="4">0</subfield>
    <subfield code="7">0</subfield>
    <subfield code="8">BAHONSENG</subfield>
    <subfield code="a">PIETNCR</subfield>
    <subfield code="b">PIETNCR</subfield>
    <subfield code="d">2020-11-19</subfield>
    <subfield code="e">Kirti Praksan</subfield>
    <subfield code="f">In Rupess</subfield>
    <subfield code="g">795.00</subfield>
    <subfield code="k">IN277</subfield>
    <subfield code="l">9</subfield>
    <subfield code="p">N285</subfield>
    <subfield code="r">2024-08-16 00:00:00</subfield>
    <subfield code="s">2024-08-01</subfield>
    <subfield code="v">596.25</subfield>
    <subfield code="w">2020-11-19</subfield>
    <subfield code="y">BK</subfield>
  </datafield>
  <datafield tag="952" ind1=" " ind2=" ">
    <subfield code="0">0</subfield>
    <subfield code="1">0</subfield>
    <subfield code="2">ddc</subfield>
    <subfield code="4">0</subfield>
    <subfield code="7">0</subfield>
    <subfield code="8">BAHONSENG</subfield>
    <subfield code="a">PIETNCR</subfield>
    <subfield code="b">PIETNCR</subfield>
    <subfield code="d">2020-11-19</subfield>
    <subfield code="e">Kirti Praksan</subfield>
    <subfield code="f">In Rupess</subfield>
    <subfield code="g">795.00</subfield>
    <subfield code="k">IN277</subfield>
    <subfield code="l">21</subfield>
    <subfield code="p">N286</subfield>
    <subfield code="r">2025-03-11 00:00:00</subfield>
    <subfield code="s">2025-02-25</subfield>
    <subfield code="v">596.25</subfield>
    <subfield code="w">2020-11-19</subfield>
    <subfield code="y">BK</subfield>
  </datafield>
</record>
